000 00807nam a2200301Ia 4500
003 OSt
005 20220912151135.0
006 a|||||r|||| 00| 0
007 ta
008 220909b |||||||| |||| 00| 0 eng d
020 _a8173760333 (pbk)
024 _a5520
037 _bEducational,
037 _cTextual
040 _aCSL
_beng
_cCSL
041 _aeng
082 _aC:r1, N2
100 _aVenkataraman G
245 0 _aWhy are things the way they are?
260 _aHyderabad
_bUniversities Press (India)Ltd
_c1992
300 _aviii,112p
490 _aVignettes in physics
500 _aBibliographical references p112
650 _a Rationalisation
650 _aPhysics
942 _hC:r1, N2
_cTEXL
_2CC
999 _c62142
_d62142